00402cam a2200145 4500041000800000082001900008100001800027245003600045250004500081260002700126300000900153500002800162505005300190650001300243 aENG00a294.30951bZUR1 aZürcher, E.14aThe Buddhist conquest of China. aReprint, with additions and corrections. aLeiden,bBrill,c1972. a2 v. a"First published 1959."0 av. 1. Text.--v. 2. Notes, bibliography, indexes. 0aBuddhism